Sette giorni in cammino con san Paolo : (Record n. 358886)

Dettagli MARC
000 -LEADER
fixed length control field 01838nam a2200301 a 4500
001 - CONTROL NUMBER
control field 000000362518
003 - CONTROL NUMBER IDENTIFIER
control field IT-MiSPE
005 - DATE AND TIME OF LATEST TRANSACTION
control field 20200910164853.0
008 - FIXED-LENGTH DATA ELEMENTS--GENERAL INFORMATION
fixed length control field 080722s2008 vc 000 0 ita d
020 ## - INTERNATIONAL STANDARD BOOK NUMBER
International Standard Book Number 9788820980542
Terms of availability 16.50 EUR
040 ## - CATALOGING SOURCE
Original cataloging agency IT-MiSPE
Language of cataloging ita
Modifying agency ip
Transcribing agency IT-MiSPE
041 ## - LANGUAGE CODE
Language code of text/sound track or separate title ita
Language code of original eng
082 ## - DEWEY DECIMAL CLASSIFICATION NUMBER
Classification number 227.07-WIT ro se (axa 23289)
100 1# - MAIN ENTRY--PERSONAL NAME
Personal name Witherup, Ronald D.,
Titles and words associated with a name p.s.s.,
Dates associated with a name 1950-
9 (RLIN) 58477
240 10 - UNIFORM TITLE
Uniform title Saint Paul called to conversion a seven-day retreat.
Language of a work Italiano
245 10 - TITLE STATEMENT
Title Sette giorni in cammino con san Paolo :
Remainder of title esercizi spirituali sulla via di Damasco /
Statement of responsibility, etc. Ronald D. Witherup.
260 ## - PUBLICATION, DISTRIBUTION, ETC. (IMPRINT)
Place of publication, distribution, etc. Città del Vaticano :
Name of publisher, distributor, etc. Libreria Editrice Vaticana,
Date of publication, distribution, etc. 2008.
300 ## - PHYSICAL DESCRIPTION
Extent 139 p. ;
Dimensions 21 cm
500 ## - GENERAL NOTE
General note Tit. orig.: Saint Paul called to conversion a seven-day retreat
504 ## - BIBLIOGRAPHY, ETC. NOTE
Bibliography, etc Contiene riferimenti bibliografici
520 ## - SUMMARY, ETC.
Summary, etc. San Paolo è la personalità più rilevante del Nuovo Testamento, a parte lo stesso Gesù. Tredici dei ventisette libri del Nuovo Testamento portano il suo nome. Ma, attorno al 35 d.C., egli ebbe una straordinaria esperienza sulla strada per Damasco." (dall'introduzione)San Paolo è la personalità più rilevante del Nuovo Testamento, a parte lo stesso Gesù. Tredici dei ventisette libri del Nuovo Testamento portano il suo nome. Ma, attorno al 35 d.C., egli ebbe una straordinaria esperienza sulla strada per Damasco (dall'introduzione).
655 #7 - INDEX TERM--GENRE/FORM
Genre/form data or focus term Sacra Scrittura. Studi sul Nuovo Testamento
General subdivision Paolo: biografia.
Source of term local
9 (RLIN) 57519
655 #7 - INDEX TERM--GENRE/FORM
Genre/form data or focus term Spiritualità. Vita spirituale. Ostacoli. Virtù. Mezzi
General subdivision Esercizi spirituali non ignaziani - Ritiri (italiano)
Source of term local
9 (RLIN) 57015
655 #7 - INDEX TERM--GENRE/FORM
Genre/form data or focus term Sacra Scrittura. Studi sul Nuovo Testamento
General subdivision Paolo: studi e teologia.
Source of term local
9 (RLIN) 56750
942 ## - ADDED ENTRY ELEMENTS (KOHA)
Source of classification or shelving scheme Dewey Decimal Classification
Koha item type LIBRO
Dati di copia
Withdrawn status Lost status Source of classification or shelving scheme Damaged status Not for loan Home library Current library Date acquired Total Checkouts Full call number Barcode Date last seen Price effective from Koha item type
    Dewey Decimal Classification Buone Condizioni Not For Loan CINISELLO CINISELLO 10/09/2020   227.07-WIT ro se (axa 23289) 9788820980542 10/09/2020 10/09/2020 LIBRO
CREDITS: SOCIETA' SAN PAOLO Via A.Severo, 58 - ROMA (RM) & PERIODICI SAN PAOLO SRL Via Giotto, 36 MILANO & CISF Via Giotto, 36 MILANO & EDIZIONI SAN PAOLO SRL,  Piazza Soncino, 5 CINISELLO BALSAMO (MI) -- ITALY